书目信息 |
| 题名: |
费玉清歌曲钢琴谱
|
|
| 作者: | ;中国唱片上海公司 | |
| 分册: | ||
| 出版信息: | 合肥 黄山书社 2007.06 |
|
| 页数: | 61页 | |
| 开本: | 30cm | |
| 丛书名: | ||
| 单 册: | ||
| 中图分类: | J647.41 | |
| 科图分类: | ||
| 主题词: | 钢琴谱--中国--现代--选集 , 钢琴谱 | |
| 电子资源: | ||
| ISBN: | 978-7-80707-607-0 | |
| 000 | 00892ncm0 2200253 450 | |
| 001 | 003577520 | |
| 005 | 20071108104149.0 | |
| 010 | @a978-7-80707-607-0@dCNY20.00@z7-80707-607-0 | |
| 100 | @a20100913d2007 em y0chiy0110 ea | |
| 101 | 0 | @achi |
| 102 | @aCN@b340000@b310000 | |
| 105 | @ay z 000yy | |
| 200 | 1 | @a费玉清歌曲钢琴谱@Afei yu qing ge qu gang qin pu@f中国唱片上海公司 |
| 210 | @a合肥@c黄山书社@a上海@c中国唱片上海公司@d2007.06 | |
| 215 | @a61页@d30cm@e1光盘 | |
| 300 | @a花样年华 | |
| 307 | @a附光盘:ISRC CN-E01-07-361-00 | |
| 330 | @a本书收录“高岗上”、“千里之外”、“千言万语”、“小城故事”、“一剪梅”、“再见我的爱人”等传统民歌改编而成的钢琴曲14首。 | |
| 606 | 0 | @a钢琴谱@y中国@z现代@j选集 |
| 606 | 0 | @a钢琴谱 |
| 690 | @aJ647.41@v5 | |
| 711 | 02 | @a中国唱片上海公司@Azhong guo chang pian shang hai gong si |
| 905 | @aBZT@dJ647.41@e10 | |
| 906 | @dCNY20.00@n0@r1 | |
| 费玉清歌曲钢琴谱/中国唱片上海公司.-合肥:黄山书社;上海:中国唱片上海公司,2007.06 |
| 61页;30cm+1光盘 |
| 花样年华 |
| ISBN 978-7-80707-607-0:CNY20.00 |
| 本书收录“高岗上”、“千里之外”、“千言万语”、“小城故事”、“一剪梅”、“再见我的爱人”等传统民歌改编而成的钢琴曲14首。 |
| ● |
| 相关链接 |
|
|
|
正题名:费玉清歌曲钢琴谱
索取号:J647.41/10
 
预约/预借
| 序号 | 登录号 | 条形码 | 馆藏地/架位号 | 状态 | 备注 |
| 1 | 762428 | 2000762428 | 中心书库中库/ 中库021架A面3列5层25/ [索取号:J647.41/10] | 在馆 | |
| 2 | 762429 | 2000762429 | 中心书库中库/ 中库021架A面3列5层24/ [索取号:J647.41/10] | 在馆 | |
| 3 | 762430 | 2000762430 | 中心书库中库/ 中库021架A面3列7层20/ [索取号:J647.41/10] | 在馆 | |
| 4 | 762431 | 2000762431 | 中心书库中库/ 中库021架A面3列5层22/ [索取号:J647.41/10] | 在馆 | |
| 5 | 762432 | 2000762432 | 中心书库中库/ 中库021架A面3列5层30/ [索取号:J647.41/10] | 在馆 | |
| 6 | 762433 | 2000762433 | 中心书库中库/ 中库021架A面3列5层19/ [索取号:J647.41/10] | 在馆 | |
| 7 | 762434 | 2000762434 | 中心书库中库/ 中库021架A面3列5层29/ [索取号:J647.41/10] | 在馆 | |
| 8 | 762435 | 2000762435 | 中心书库中库/ 中库021架A面3列5层28/ [索取号:J647.41/10] | 在馆 | |
| 9 | 762436 | 2000762436 | 中心书库中库/ 中库021架A面3列5层27/ [索取号:J647.41/10] | 在馆 | |
| 10 | 762437 | 2000762437 | 中心书库中库/ 中库021架A面3列5层26/ [索取号:J647.41/10] | 在馆 |